00519nai a2200157Ia 4500003000900000008004100009022002200050022002300072040001600095245002300111260003400134310001400168362002600182521006900208856008400277IN-BaIIA211028c9999 xx s 000 0 eng d a0300-9483 (Print) a1502-3885 (Online) cIIA Library 0aBoreash[eJournal] aNew JerseybJohn Wiley & Sons aQuarterly a26(1); 1997 - Present bSubscribed through National Knowledge Resource Consortium (NKRC) uhttps://onlinelibrary.wiley.com/journal/15023885yClick Here to Access eJournal